000 00434nam a2200181Ia 4500
005 20250423100517.0
008 250422s9999 xx 000 0 und d
020 _a0-13-091332-4
050 _aB 21.P394/
100 _aWalter Kaufmann
245 0 _aPhilosophic Classics: From PLATO to NIETZSCHE
260 _aNew York
260 _bPrentice Hall
260 _c1994
300 _a1059 p
650 _aPhilosophy
942 _cBK
999 _c33524
_d33524